[Event "Moscow-chT"]
[Site "Moscow"]
[Date "2016.10.18"]
[Round "1.4"]
[White "Jaiswal, Ritvik"]
[Black "Sychev, Klementy"]
[Result "1/2-1/2"]
[WhiteElo "2133"]
[BlackElo "2445"]
[PlyCount "140"]
[EventDate "2016.10.18"]
[EventType "team-swiss"]
[EventRounds "9"]
[EventCountry "RUS"]
[SourceTitle "CBM 175 Extra"]
[Source "ChessBase"]
[SourceDate "2016.12.12"]
[SourceVersion "1"]
[SourceVersionDate "2016.12.12"]
[SourceQuality "1"]
[WhiteTeam "RGSU"]
[BlackTeam "Automatika"]
[WhiteTeamCountry "RUS"]
[BlackTeamCountry "RUS"]

1. d4 Nf6 2. Nf3 g6 3. Bf4 Bg7 4. e3 0-0 5. Be2 d6 6. 0-0 c5 7. c3 Qb6 8. Qb3 Be6 9. Qxb6 axb6 10. a3 Bd7 11. h3 Bc6 12. Nbd2 Nbd7 13. Rfe1 Rfd8 14. Bc4 b5 15. Bb3 e5 16. Bg3 e4 17. d5 exf3 18. dxc6 bxc6 19. Nxf3 Ne4 20. Bh4 Re8 21. Red1 d5 22. Rac1 Nb6 23. Nd2 f5 24. Nxe4 fxe4 25. Bg3 Be5 26. Bh4 Kg7 27. f4 exf3 28. gxf3 Bf6 29. Bf2 Bg5 30. Re1 c4 31. Bc2 Na4 32. Bxa4 bxa4 33. Rc2 Rad8 34. Kg2 Rd7 35. e4 Rde7 36. Bd4+ Kf7 37. Rce2 Bh4 38. Rf1 Kg8 39. e5 c5 40. Bxc5 Rxe5 41. Rxe5 Rxe5 42. Rd1 Kf7 43. f4 Re2+ 44. Kf3 Rxb2 45. Rxd5 Bf6 46. Bd4 Ke6 47. Rc5 Bxd4 48. cxd4 Rb3+ 49. Ke4 Rxh3 50. Rxc4 Rxa3 51. Rc7 Rh3 52. Rc6+ Kd7 53. Ra6 a3 54. f5 gxf5+ 55. Kxf5 Kc7 56. d5 Kb7 57. Ra4 Re3 58. Kf4 Rh3 59. Ke5 Re3+ 60. Kf4 Rb3 61. Ke5 h5 62. Ke6 Re3+ 63. Kd7 Kb6 64. d6 Kb5 65. Rh4 Re5 66. Kc7 a2 67. Rh1 Rc5+ 68. Kb7 Rd5 69. Kc7 Rc5+ 70. Kb7 Rd5 1/2-1/2